000 00564nam a2200157 i 4500
001 115796
003 ES-MaACL
005 20230906190547.0
007 t|
008 070514s1923 fr ||||1| fre d
245 0 0 _aOù en est l'urbanisme en France et à l'étranger /
_cCongrès international d'urbanisme et d'hygiène municipale, Strasbourg, 1923 ; édité par la Société française des urbanistes.
260 _aParis :
_bL. Eyrolles,
_c1923.
300 _a518 p. :
_bil. ;
_c24 cm.
650 4 _aUrbanismo-
_zFrancia.
_9165429
852 _aES-MaACL
_jB-5290
999 _c115796
_d115796